Transactions of the Institute of Mine Surveyors of Great Britain (Record no. 118822)

MARC details
000 -LEADER
fixed length control field 00734cas a22002055a 4500
001 - CONTROL NUMBER
control field L130965
008 - FIXED-LENGTH DATA ELEMENTS--GENERAL INFORMATION
fixed length control field 050920d19201953xxkqr p 0 a0eng u
035 ## - SYSTEM CONTROL NUMBER
System control number (Sirsi) u130965
041 0# - LANGUAGE CODE
Language code of text/sound track or separate title eng
110 2# - MAIN ENTRY--CORPORATE NAME
Corporate name or jurisdiction name as entry element Institute of Mine Surveyors of Great Britain
9 (RLIN) 5281
245 22 - TITLE STATEMENT
Title Transactions of the Institute of Mine Surveyors of Great Britain
260 ## - PUBLICATION, DISTRIBUTION, ETC.
Place of publication, distribution, etc. London
Name of publisher, distributor, etc. Transactions of the Institute of Mine Surveyors of Great Britain
Date of publication, distribution, etc. 1920-1953
362 ## - DATES OF PUBLICATION AND/OR SEQUENTIAL DESIGNATION
Dates of publication and/or sequential designation London: 1 1920-33 1953
362 0# - DATES OF PUBLICATION AND/OR SEQUENTIAL DESIGNATION
Dates of publication and/or sequential designation London: 11 1930-33 1953
362 0# - DATES OF PUBLICATION AND/OR SEQUENTIAL DESIGNATION
Dates of publication and/or sequential designation Edinburgh: 1 1920-33 1953
554 ## -
-- Four per year
651 #4 - SUBJECT ADDED ENTRY--GEOGRAPHIC NAME
Geographic name Great Britain
Chronological subdivision 1707-
690 ## - LOCAL SUBJECT ADDED ENTRY--TOPICAL TERM (OCLC, RLIN)
Topical term or geographic name as entry element ENVIRONMENTAL AND LAND CONSULTANCY-MINERAL RESOURCE MANAGEMENT-MINERALS SURVEYING
942 ## - ADDED ENTRY ELEMENTS (KOHA)
Suppress in OPAC 0
Holdings
Withdrawn status Lost status Source of classification or shelving scheme Damaged status Not for loan Home library Current library Shelving location Date acquired Total Checkouts Full call number Barcode Date last seen Price effective from Koha item type
    Dewey Decimal Classification     London London Basement 20/09/2005   INSTITUTE OF MINE SURVEYORS TRANSACTIONS 130965-1001 06/08/2019 06/08/2019 Journal
    Dewey Decimal Classification     London London Basement 16/08/2007   INSTITUTE OF MINE SURVEYORS TRANSACTIONS 130965-1002 06/08/2019 06/08/2019 Journal